Alternatívne zdroje financovania malých a stredných podnikov bakalárska práca

Na minha lista:
Detalhes bibliográficos
Autor principal: Korpášová, Katarína
Autor Corporativo: Národohospodárska fakulta EU. Katedra financií
Outros Autores: Belanová, Katarína, 1978-
Formato: Livro
Idioma:eslovaco
Publicado em: Bratislava 2015
Tags: Adicionar Tag
Sem tags, seja o primeiro a adicionar uma tag!

MARC

LEADER 00000nbm a2200000 4500
001 0204996
005 20161212094915.4
041 0 |a slo 
044 |a SK 
245 1 0 |a Alternatívne zdroje financovania malých a stredných podnikov  |b bakalárska práca  |c Katarína Korpášová ; školiteľ: Katarína Belanová 
264 1 |a Bratislava  |c 2015 
300 |a 51 s. 
100 1 |a Korpášová, Katarína 
700 1 |a Belanová, Katarína, 1978- 
710 2 |a Národohospodárska fakulta EU. Katedra financií